Quiz sur la musique francophone VOL3 - Statistiques

Statistiques générales
  • Ce quiz a été pris 32 fois
  • Le résultat moyen est 9 sur 15
Statistiques - réponses
Question Réponse % Correct
De quelle origine est Charles Aznavour? Arménien
85%
Complète les paroles d'Amel Bent "Ma philosophie" : Viser la Lune Ça me fait pas peur Même à l'usure J'y crois encore et en cœur Des sacrifices S'il le faut j'en ferai J'en ai déjà fait ... Mais toujours le poing levé
85%
Quelle émission a révélé les L5? Popstars
78%
Qui est la mère de David Hallyday? Sylvie Vartan
74%
Qui sont les membres des 2be3? Philip / Adel / Frank
70%
Quel titre Slimane a interpété à l'Eurovision? Mon amour
67%
Avec quel auteur-compositeur Nolwenn Leroy n'a jamais collaboré sur un album? Renaud
67%
Quel groupe de métal a participé à la cérémonie des Jeux Olympiques de Paris? Gojira
63%
Quel est le vrai nom de Shy'm? Tamara Marthe
63%
Chimène Badi a cartonné avec "Je viens du Sud". Qui en est l'interprète d'origine? Michel Sardou
56%
Qui a obtenu la Flamme de l'artiste masculin de l'année lors de la 1ère édition en 2023? Gazo
52%
Quel duo n'a jamais existé? Vianney & Hoshi : Tu me suffis
44%
Qui est le 1er gagnant de l'émission "Nouvelle Star"? Jonathan Cerrada
26%
Quels sont les noms des albums de Pascal Obispo? Le Grand Amour / Superflu / Soledad
15%
Quel est le titre du 1er single qui a lancé la carrière de Jenifer? J'attends l'amour
11%
Aucun quiz correspondant
Distribution des résultats
% des personnes avec chaque résultat
Percentile par nombre de réponses
Votre historique - résultats
Vous n’avez pas pris ce quiz